|
|
|
|
| LEADER |
01226nam a2200289 a 4500 |
| 001 |
2582139 |
| 008 |
090601s1997 cauab b 001 0 eng d |
| 010 |
|
|
|a 96051271
|
| 020 |
|
|
|a 8170366682 (cloth)
|
| 020 |
|
|
|a 8170366690 (pbk.)
|
| 040 |
|
|
|a DLC
|c DLC
|d DLC
|
| 082 |
0 |
0 |
|a 174/.4
|2 21
|
| 100 |
1 |
|
|a Petrick, Joseph A.,
|d 1946-
|
| 245 |
1 |
0 |
|a Management ethics :
|b integrity at work /
|c Joseph A. Petrick, John F. Quinn.
|
| 260 |
|
|
|a Thousand Oaks, Calif. ,
|a New Delhi, India :
|b Sage Publications
|b Response,
|c c1997.
|
| 300 |
|
|
|a xiv, 399 p. :
|b ill., map ;
|c 24 cm.
|
| 490 |
1 |
|
|a Sage series in business ethics
|
| 504 |
|
|
|a Includes bibliographical references (p. 359-390) and index.
|
| 541 |
1 |
|
|e 00013172
|
| 650 |
|
0 |
|a Business ethics.
|
| 650 |
|
0 |
|a Management
|x Moral and ethical aspects.
|
| 650 |
|
0 |
|a Business ethics
|x Case studies.
|
| 650 |
|
0 |
|a Management
|x Moral and ethical aspects
|x Case studies.
|
| 700 |
1 |
|
|a Quinn, J. F.
|q (John F.)
|
| 852 |
4 |
|
|a Ayesha Abed Library
|j General Shelf.
|
| 999 |
|
|
|c 1265
|d 1265
|
| 952 |
|
|
|0 0
|1 0
|2 ddc
|4 0
|6 174_400000000000000_PET
|7 0
|9 1150
|a BRACUL
|b BRACUL
|c GEN
|d 2009-06-25
|g 0.00
|l 1
|o 174.4 PET
|p 3010013172
|r 2013-12-13
|s 2013-08-25
|t 1
|w 2009-06-25
|y BK
|x No price found in the accession register.
|